书目信息 |
| 题名: |
跨越太平洋的雨虹
|
|
| 作者: | 张弘 著 | |
| 分册: | ||
| 出版信息: | 银川 宁夏人民出版社 2002 |
|
| 页数: | 26, 437页 | |
| 开本: | 23cm | |
| 丛书名: | 跨文化丛书 | |
| 单 册: | ||
| 中图分类: | G04 | |
| 科图分类: | ||
| 主题词: | 比较文学--中国--美国 | |
| 电子资源: | ||
| ISBN: | 7-227-02436-9 | |
| 000 | 01282oam2 2200277 450 | |
| 005 | 20070607070932.39 | |
| 010 | @a7-227-02436-9@dCNY29.80 | |
| 100 | @a20030116d2002 em y0chiy0110 ea | |
| 101 | 0 | @achi@eeng |
| 102 | @aCN@b640000 | |
| 105 | @aa z 000yy | |
| 200 | 1 | @a跨越太平洋的雨虹@Akua yue tai ping yang de yu hong@e美国作家与中国文化@f张弘等著 |
| 210 | @a银川@c宁夏人民出版社@d2002 | |
| 215 | @a26, 437页@c照片@d23cm | |
| 225 | 2 | @a跨文化丛书@e外国作家与中国文化@i美国卷 |
| 300 | @a南京大学北京大学中国文化书院跨文化研究院合作项目 “十五”国家重点图书 | |
| 314 | @a张弘(1954~),浙江桐乡人,华东师范大学中文系教授、比较文学与世界文学专业博士生导师,东方文化研究中心特约研究员,柏林洪堡大学访问学者。著有《中国文学在英国》、《美国:堕落的自由种》、《临界的对垒》等。 | |
| 330 | @a本书沿着美国文学发展的历史线索,总结了各个时期中国文化对美国文学的影响,汇通两国的文学关系史,对美国文学作品进行了深入分析。 | |
| 461 | 0 | @12001 @a跨文化丛书 |
| 510 | 1 | @aA Rainbow Over the Pacific@eAmerican Writers and Chinese Culture@zeng |
| 517 | 1 | @a美国作家与中国文化@Amei guo zuo jia yu zhong guo wen hua |
| 606 | 0 | @a比较文学@y中国@y美国 |
| 690 | @aG04@v4 | |
| 701 | 0 | @a张弘@Azhang hong@4著 |
| 801 | 0 | @aCN@bTAOJIN新华发行集团公司@c20070607 |
| 905 | @a10447@dG04@e66 | |
| 跨越太平洋的雨虹:美国作家与中国文化/张弘等著.-银川:宁夏人民出版社,2002 |
| 26, 437页:照片;23cm.-(跨文化丛书:外国作家与中国文化.美国卷) |
| 南京大学北京大学中国文化书院跨文化研究院合作项目 “十五”国家重点图书 |
| ISBN 7-227-02436-9:CNY29.80 |
| 本书沿着美国文学发展的历史线索,总结了各个时期中国文化对美国文学的影响,汇通两国的文学关系史,对美国文学作品进行了深入分析。 |
| ● |
| 相关链接 |
|
|
|
|
正题名:跨越太平洋的雨虹
索取号:G04/66
 
预约/预借
| 序号 | 登录号 | 条形码 | 馆藏地/架位号 | 状态 | 备注 |
| 1 | 0527218 | 205272186 | 第一样本阅览室/ [索取号:G04/66] | 在馆 | |
| 2 | 0527219 | 205272195 | 第四借阅区/ [索取号:G04/66] | 在馆 | |
| 3 | 0527220 | 205272202 | 第四借阅区/ [索取号:G04/66] | 在馆 |